UK Town and City Trivia - Bradford - Statistics

General Stats
  • This quiz has been taken 76 times
  • The average score is 7 of 15
Answer Stats
Hint Answer % Correct
Metropolitan county in which Bradford is located West Yorkshire
96%
Supermarket chain that has its headquarters in Bradford Morrisons
76%
Theatre and performance venue named after a palace in Granada, Spain Alhambra
70%
Home stadium of Bradford City F.C. Valley Parade
56%
Bradford's two railway station termini {Forster} Square
52%
Motorway spur that connects Bradford with the M62 M606
48%
Shimmering textile which was once manufactured in the Lister Mills in Bradford Silk
46%
Museum of photography, TV, animation, videogaming and the Internet National Science and {Media} Museum
44%
Interchange
41%
Bradford born TV presenter, best known as the original host of 'Countdown' Richard Whiteley
39%
City centre shopping and leisure complex, first opened in November 2015 The Broadway
37%
Civic art gallery located in the open green space of Lister Park {Cartwright} Hall
20%
Bradford's central water feature, the largest in any UK city Bradford {Puddle}
13%
Bradford based manufacturer of light cars from 1906 to 1954 Jowett
11%
Route number of the Bradford outer ring road A6177
4%
No matching quizzes found
Score Distribution
Percent of People with Each Score
Percentile by Number Answered
Your Score History
You have not taken this quiz